Los homicidios agravados. análisis doctrinal y jurisprudencial / 2B :

Guardado en:
Autor Principal: Pazos Crocitto, José Ignacio.
Formato: Libro
Idioma:Undetermined
Publicado: Buenos Aires : Hammurabi, 2022.
Edición:1a. reimp.
Series:Delitos contra la vida ; 2B
Materias:
Etiquetas: Agregar Etiqueta
Sin Etiquetas, Sea el primero en etiquetar este registro!
LEADER 00703nam a22001815a 4500
001 DER.der015176
008 250424s2022####ag############000#0#und#d
005 20250424145232.0
245 1 0 |a Los homicidios agravados.  |n 2B :  |b análisis doctrinal y jurisprudencial /  |c José Ignacio Pazos Crocitto. 
250 |a 1a. reimp. 
260 |a Buenos Aires :  |b Hammurabi,  |c 2022. 
300 |a 373 p. 
490 1 |a Delitos contra la vida ;  |v 2B 
500 |a Homicidio "criminis causae".Calificación por las calidades de agente y de la víctima. Femicidio. Venganza transversal. 
020 |a 9789507418804 
100 1 |a Pazos Crocitto, José Ignacio. 
650 7 |a DERECHO PENAL 
859 |a DERECHO  |b BIB. DERECHO  |h 345.02  |i PAZ  |p 0010576